Gruesome spectacles : botched executions and America's death penalty /

Bibliographic Details
Main Author: Sarat, Austin (Author)
Corporate Author: ebrary, Inc
Format: eBook
Language:English
Published: Stanford, California : Stanford Law Books, an imprint of Stanford University Press, [2014]
Subjects:
Online Access:Connect to the full text of this electronic book

MARC

Tag First Indicator Second Indicator Subfields
LEADER 00000cam a22000001i 4500
001 in00003441288
006 m |o d |
007 cr |n|||||||||
008 140511s2014 cau ob 001 0 eng d
005 20250816213655.2
020 |a 0804791724 (electronic bk.) 
020 |a 9780804791724 (electronic bk.) 
020 |z 9780804789165 (cloth : alk. paper) 
020 |z 0804789169 (cloth : alk. paper) 
035 |a (NhCcYBP)ebr10866557 
040 |a NhCcYBP  |c NhCcYBP  |d UtOrBLW 
043 |a n-us--- 
050 4 |a HV8699.U5  |b S268 2014 
082 0 4 |a 364.660973  |2 23 
100 1 |a Sarat, Austin,  |e author. 
245 1 0 |a Gruesome spectacles :  |b botched executions and America's death penalty /  |c Austin Sarat ; with Katherine Blumstein, Aubrey Jones, Healther Richard, Madeline Sprung-Keyser. 
264 1 |a Stanford, California :  |b Stanford Law Books, an imprint of Stanford University Press,  |c [2014] 
300 |a 1 online resource. 
336 |a text  |b txt  |2 rdacontent 
337 |a computer  |b c  |2 rdamedia 
338 |a online resource  |b cr  |2 rdacarrier 
500 |a Description based on print version record. 
504 |a Includes bibliographical references and index. 
505 0 |a The mere extinguishment of life? : technological efficiency, botched executions and the legitimacy of capital punishment in the United States -- A clumsy, inefficient, inhuman thing : death by hanging -- When science fails : electrocution -- A short and unhappy history : the gas chamber -- "How enviable a quiet death . . ." : lethal injection -- Botched executions and the struggle to end capital punishment. 
588 |a Description based on print version record. 
500 |a Electronic resource. 
650 0 |a Executions and executioners  |z United States  |x History. 
650 0 |a Capital punishment  |z United States  |x History. 
655 7 |a Electronic books.  |2 local 
710 2 |a ebrary, Inc. 
776 1 8 |c Original  |z 9780804789165  |z 0804789169  |w (DLC) 2013043599 
856 4 1 |u https://ebookcentral.proquest.com/lib/tamucs/detail.action?docID=1684228  |y Connect to the full text of this electronic book  |t 0 
955 |a PDA YBP record 
999 f f |s 70923bd6-a2e7-34c5-a32d-77d6fedd5ea0  |i f477c78d-5125-3602-8a17-13933f7d17fa  |t 0 
999 |a MARS 
952 f f |a Texas A&M University  |b College Station  |c Electronic Resources  |d Available Online  |t 0  |e HV8699.U5 S268 2014  |h Library of Congress classification 
998 f f |a HV8699.U5 S268 2014  |t 0  |l Available Online